ARRUPE JESUIT UNIVERSITY

CORONAVIRUS -STOP THE SPREAD - CLEAN,DISINFECT,COVER

Theology and praxis : (Record no. 121534)

MARC details
000 -LEADER
fixed length control field 00937cam a2200289 a 4500
001 - CONTROL NUMBER
control field 2406117
003 - CONTROL NUMBER IDENTIFIER
control field ARRUPE
005 - DATE AND TIME OF LATEST TRANSACTION
control field 20150106140955.0
008 - FIXED-LENGTH DATA ELEMENTS--GENERAL INFORMATION
fixed length control field 860808s1987 nyu b 001 0 eng
010 ## - LIBRARY OF CONGRESS CONTROL NUMBER
LC control number 86021671
020 ## - INTERNATIONAL STANDARD BOOK NUMBER
International Standard Book Number 088344416X (pbk.)
040 ## - CATALOGING SOURCE
Original cataloging agency DLC
Transcribing agency DLC
Modifying agency DLC
041 1# - LANGUAGE CODE
Language code of text/sound track or separate title engpor
050 00 - LIBRARY OF CONGRESS CALL NUMBER
Classification number BT83.57
Item number .B59513 1987
082 00 - DEWEY DECIMAL CLASSIFICATION NUMBER
Classification number 230/.01/8
Edition number 19
300 ## - PHYSICAL DESCRIPTION
Dimensions 23 cm.
100 1# - MAIN ENTRY--PERSONAL NAME
Personal name Boff, Clodovis.
9 (RLIN) 13527
240 10 - UNIFORM TITLE
Uniform title <a href="Teologia e prática.">Teologia e prática.</a>
Language of a work English
245 10 - TITLE STATEMENT
Title Theology and praxis :
Remainder of title epistemological foundations /
Statement of responsibility, etc Clodovis Boff ; translated from the Portuguese by Robert R. Barr.
260 ## - PUBLICATION, DISTRIBUTION, ETC. (IMPRINT)
Place of publication, distribution, etc Maryknoll, N.Y. :
Name of publisher, distributor, etc Orbis Books,
Date of publication, distribution, etc c1987.
300 ## - PHYSICAL DESCRIPTION
Extent xxx, 379 p. ;
500 ## - GENERAL NOTE
General note Translation of: Teologia e prática.
500 ## - GENERAL NOTE
General note Includes index.
504 ## - BIBLIOGRAPHY, ETC. NOTE
Bibliography, etc Bibliography: p. 337-370.
650 #0 - SUBJECT ADDED ENTRY--TOPICAL TERM
Topical term or geographic name as entry element Liberation theology.
9 (RLIN) 13528
906 ## - LOCAL DATA ELEMENT F, LDF (RLIN)
a 7
b cbc
c orignew
d 1
e ocip
f 19
g y-gencatlg
942 ## - ADDED ENTRY ELEMENTS (KOHA)
Source of classification or shelving scheme Library of Congress Classification
Koha item type Monograph ( Printed materials)
Holdings
Withdrawn status Lost status Source of classification or shelving scheme Damaged status Not for loan Home library Current library Date acquired Total Checkouts Full call number Barcode Date last seen Price effective from Koha item type
    Library of Congress Classification     ARRUPE LIBRARY ARRUPE LIBRARY 06/01/2015   BT83.57 .B59513 1987 46500003522 11/01/2017 06/01/2015 Monograph ( Printed materials)

 

Arrupe Library. PO Box MP320 Mt Pleasant, Harare, Zimbabwe
263 242 745411|librarian@aju.ac.zw